Największe państwa Imperium Mongolskiego - Statystyki

Ogólne statystyki
  • Ten quiz został rozwiązany 3 512 razy
  • Średni wynik to 8 z 10
Statystyki odpowiedzi
% km2 Państwo % Poprawnych
99 9 500 000 Chiny
99%
25 4 280 000 Rosja
99%
100 2 730 000 Kazachstan
95%
100 1 560 000 Mongolia
95%
100 1 650 000 Iran
80%
98 590 000 Ukraina
79%
65 570 000 Pakistan
78%
65 510 000 Turcja
75%
100 652 000 Afganistan
72%
100 488 000 Turkmenistan
71%
Nie znaleziono quizów pasujących do podanych kryteriów
Rozkład punktacji
Procent ludzi z każdym wynikiem
Percentyl według liczby udzielonych odpowiedzi
Twoja historia wyników
Nie rozwiązałeś tego quizu